000 00525nam a22001817a 4500
999 _c9138
_d9138
008 210325b ||||| |||| 00| 0 eng d
040 _aBMS College of Architecture
100 _aM, V, Bindu
245 _aTourist resort at Irupu falls Coorg
300 _a57p.
500 _a1BM05AT18
502 _8B.Arch
_NBMS College of Architecture, Visvesvaraya Technological University
_aProject report
_d2010
650 _aResort
650 _aCoorg
700 _aK Manjula
_eGuide
700 _aPushpa D
_eGuide
942 _2ddc
_cTHE